000 01053nam a22003257a 4500
001 BR8003347
003 BR-BrBNA
005 20230928090626.0
007 ta
008 230509b bl.||||| |||| 00| 0 por d
040 _aBR-BrBNA
_bpor
_cBiblioteca Nacional de Agricultura
041 _a(Por)
072 _aL10; L50
_b5212
_b/G514
090 _ 5212 BR8003347
100 1 _aMarques, L.F.A.
110 1 _aUniversidade Federal de Vicosa, MG (Brasil)
_0Tese (Magister Scientiae)
245 1 _aFatores geneticos e de meio que influenciam o crescimento de gado guzera em regioes do Espirito Santo e Minas Gerais [Brasil]
260 3 _aVicosa, MG (Brasil):
_c1980.
300 _a69 p.
500 _a10 illus.; 13 tables; Bibliography p. 51-58 (77 ref.); Summary (Por)
650 _aMelhoramento genetico animal
650 _aFisiologia animal
650 _aGado guzera
650 _aCrescimento
650 _aGenetica animal
650 _aEspirito Santo
650 _aMinas Gerais
909 _a202309
_bLucia
_c55
_dLucia Elande
942 _cBK
999 _c29700
_d29700